De la democracia en Francia /

Detalles Bibliográficos
Autor principal: Guizot, François, 1787-1874 (Autor)
Otros Autores: Agurto Gonzáles, Carlos Antonio (Editor), Quequejana Mamani, Sonia Lidia (Editor), Choque Cuenca, Benigno (Editor), Negro Pavón, Dalmacio (Traductor)
Formato: Electrónico eBook
Lenguaje:español
francés
Publicado: Santiago, Chile : Ediciones Olejnik, [2023]
Colección:Biblioteca de derecho constitucional (Ediciones Olejnik)
Materias:
Acceso en línea:Digitalia Hispánica

MARC

LEADER 00000nam a2200000Ii 4500
001 DIGOLEJNK1311
003 NyNyDIG
006 m o d
007 cr |||||||||||
008 251105s2023 cl o 000 0 spa d
035 |a (OCoLC)1438850736 
040 |a DGITA  |b eng  |e rda  |e pn  |c DGITA 
020 |z 9789564074313 
041 1 |a spa  |h fre 
043 |a e-fr--- 
050 1 4 |a JN2542 ebook 
100 1 |a Guizot, François,  |d 1787-1874,  |e author. 
240 1 0 |a De la démocratie en France.  |l Spanish  |s (Negro Pavón) 
245 1 0 |a De la democracia en Francia /  |c François Guizot ; edición al cuidado de Carlos Antonio Agurto Gonzáles, Sonia Lidia Quequejana Mamani, Benigno Choque Cuenca ; traducción de Dalmacio Negro Pavón. 
264 1 |a Santiago, Chile :  |b Ediciones Olejnik,  |c [2023] 
300 |a 1 online resource. 
336 |a text  |b txt  |2 rdacontent 
337 |a computer  |b c  |2 rdamedia 
338 |a online resource  |b cr  |2 rdacarrier 
347 |a text file  |2 rdaft 
347 |b PDF 
490 1 |a Biblioteca de derecho constitucional 
588 0 |a Online resource; title from PDF title page (Digitalia, viewed November 5, 2025) 
650 0 |a Democracy. 
651 0 |a France  |x Politics and government  |y 1789-1900. 
651 0 |a France  |x Social conditions. 
700 1 |a Agurto Gonzáles, Carlos Antonio,  |e editor. 
700 1 |a Quequejana Mamani, Sonia Lidia,  |e editor. 
700 1 |a Choque Cuenca, Benigno,  |e editor. 
700 1 |a Negro Pavón, Dalmacio,  |e translator. 
700 1 |i Translation of:  |a Guizot, François,  |d 1787-1874.  |t De la démocratie en France. 
791 2 |a Digitalia (Firm),  |e distributor. 
793 0 |g Digitalia eBook Collection:  |a Ediciones Olejnik 
776 0 8 |i Print version:  |a Guizot, François, 1787-1874.  |s De la démocratie en France. Spanish (Negro Pavón).  |t De la democracia en Francia.  |b Primera edición en Ediciones Olejnik.  |d Santiago, Chile : Ediciones Olejnik, 2023  |z 9789564074313 
830 0 |a Biblioteca de derecho constitucional (Ediciones Olejnik) 
856 4 0 |3 Digitalia Hispánica  |u https://www.digitaliapublishing.com/a/157820/ 
910 |a Premium collection: 2025